000 00201nam a2200085Ia 4500
008 180219s9999 xx 000 0 und d
100 _aSharma R A
245 0 _aShiksha Anusandhan
260 _aInternation Pub;Lisher
260 _c2010
999 _c41459
_d41459